Un arte de hacer ruinas y otros cuentos /

Bibliographic Details
Main Author: Ponte, Antonio José, 1964-
Other Authors: Whitfield, Esther Katheryn
Format: Book
Language:Spanish
Published: México, D.F. : Fondo de Cultura Económica, [2005]
Edition:1. ed.
Series:Colección Aula Atlántica.
Subjects:

MARC

Tag First Indicator Second Indicator Subfields
LEADER 00000cam a2200000 a 4500
001 in00002117813
005 20151102192650.0
008 051208s2005 mx b 000 j spa d
020 |a 9681675967 
035 |a (OCoLC)ocm62508714 
040 |a PIT  |c PIT  |d TXA  |d UtOrBLW 
049 |a TXAM 
090 |a PQ7390.P59  |b A78 2005 
100 1 |a Ponte, Antonio José,  |d 1964- 
245 1 3 |a Un arte de hacer ruinas y otros cuentos /  |c Antonio José Ponte ; prólogo, bibliografía y notas de Esther Whitfield. 
250 |a 1. ed. 
264 1 |a México, D.F. :  |b Fondo de Cultura Económica,  |c [2005] 
264 4 |c ©2005 
300 |a 191 pages ;  |c 22 cm. 
336 |a text  |b txt  |2 rdacontent 
337 |a unmediated  |b n  |2 rdamedia 
338 |a volume  |b nc  |2 rdacarrier 
490 1 |a Colección aulaatlántica 
504 |a Includes bibliographical references. 
600 1 0 |a Ponte, Antonio José,  |d 1964- 
700 1 |a Whitfield, Esther Katheryn. 
830 0 |a Colección Aula Atlántica. 
948 |a cataloged  |b h  |c 2006/5/3  |d c  |e dmitchel  |f 12:50:40 pm 
994 |a C0  |b TXA 
999 |a MARS 
999 f f |s fc9e8f6b-7cca-3a88-87ea-2257bc8c5e94  |i 8dd5df04-34ac-3df3-9e92-0e82818f0c8a  |t 0 
952 f f |p normal  |a Texas A&M University  |b College Station  |c Sterling C. Evans Library  |s Evans stk  |d Evans: Library Stacks  |t 0  |e PQ7390.P59 A78 2005  |h Library of Congress classification  |i unmediated -- volume  |m A14834055018 
998 f f |a PQ7390.P59 A78 2005  |t 0  |l Evans: Library Stacks